¿Quién opina en la opinión pública? (Record no. 168863)

MARC details
000 -LEADER
campo de control de longitud fija 00773nam a22002175i 4500
001 - NÚMERO DE CONTROL
campo de control 168863
003 - IDENTIFICADOR DE NÚMERO DE CONTROL
campo de control ES-MaACL
005 - FECHA Y HORA DE LA ÚLTIMA TRANSACCIÓN
campo de control 20230906213919.0
008 - DATOS DE LONGITUD FIJA--INFORMACIÓN GENERAL
campo de control de longitud fija 080616s2007 sp |||| | spa d
080 ## - NÚMERO DE LA CLASIFICACIÓN DECIMAL UNIVERSAL
Número de la Clasificación Decimal Universal 316.653(460)
100 1# - ENTRADA PRINCIPAL--NOMBRE DE PERSONA
Nombre de persona Capellán de Miguel, Gonzalo.
9 (RLIN) 34825
245 11 - MENCIÓN DEL TÍTULO
Título ¿Quién opina en la opinión pública?
Resto del título : libro-programa /
Mención de responsabilidad, etc. [Gonzalo Capellán de Miguel ; Antonio Cases].
250 ## - MENCION DE EDICION
Mención de edición Ed. numerada.
260 ## - PUBLICACIÓN, DISTRIBUCIÓN, ETC.
Lugar de publicación, distribución, etc. Santander :
Nombre del editor, distribuidor, etc. ACOPOS,
Fecha de publicación, distribución, etc. 2007.
300 ## - DESCRIPCIÓN FÍSICA
Extensión 142 p. ;
Dimensiones 41 p.
500 ## - NOTA GENERAL
Nota general Incluye: La opinión pública española / Antonio Cases. - Madrid, 1920.
504 ## - NOTA DE BIBLIOGRAFÍA, ETC.
Nota de bibliografía, etc. Bibliografía.
650 14 - PUNTO DE ACCESO ADICIONAL DE MATERIA--TÉRMINO DE MATERIA
Término de materia o nombre geográfico como elemento de entrada Opinión pública-
Subdivisión geográfica España .
9 (RLIN) 137992
700 1# - ENTRADA AGREGADA--NOMBRE PERSONAL
Nombre de persona Cases, Antonio.
9 (RLIN) 36292
852 4# - LOCALIZACIÓN
Ubicación ES-MaACL
Número de control de estantería L-29429
itemnumber R.143180
Nota libre Ejemplar nº 111
Holdings
Estatus retirado Estado de pérdida Estado de daño No para préstamo Biblioteca de origen Biblioteca actual Ubicación en estantería Fecha de adquisición Fuente de adquisición Total de préstamos Signatura topográfica completa Código de barras Visto por última vez Precio de reemplazo Tipo de ítem Koha
        Biblioteca del Ateneo de Madrid Biblioteca del Ateneo de Madrid Depósito 2 16/06/2008     L-29429 1177214 23/02/2023 23/02/2023 Libro impreso